000 00474nam a2200193Ia 4500
005 20240823024419.0
008 240823s9999||||xx |||||||||||||| ||und||
020 _a978-81-239-1597-5
041 _aENGLISH
082 _A621.18341 P9
100 _aSolomon S K
245 0 _aReinforced Concrete Design Part-II
250 _a1st
260 _c2009
_b"CBS,"
_aNew Delhi
500 _aTRANSFERED
650 _aReinforced Concrete
_bCivil
942 _cBK
999 _c183867
_d183867